MDQL
is popping MORE tags! Check the
thread
!
Quizzes
Events
Quiz Creation
Community
Videos
Private Events
Remove Ads
Sign In
Join for FREE
Feedback
Dark Mode
Quiz Categories
Sports
Geography
Music
Movies
Television
Just For Fun
Miscellaneous
History
Literature
Language
Science
Gaming
Entertainment
Religion
Holiday
For Kids
Quiz Lab
Recent
Popular Today
Quiz Kudos Today
Editor Picks
Curator Picks
Quizzes by...
Day
Popularity
Type
Ratings
Length
Year
Community
Subscriptions
Recent Discussions
Orange Saloon
Badges
Playlists
Quests
Create
Leaderboards
Showdown
Live 5
Trivia Bingo
Activity
Puzzle Library
Sporcle Events
Private Events
Virtual Trivia
Globe League
Become a Host
Pub Owners
SporcleCon
Opinionation
Our Games
Videos
Blog
Mobile Apps
Partnerships
Remove Ads and Go Orange
Feedback
Sports
Athletes
MLB
NBA
NHL
NFL
Soccer
Sports Teams
WWE
NCAA
Football
Premier League
Basketball
Baseball
Hockey
Golf
Tennis
Cricket
Rugby
Auto Racing
Olympics
World Cup
Sports
Athletes
MLB
NBA
NHL
NFL
Soccer
Sports Teams
WWE
NCAA
Football
Premier League
Basketball
Baseball
Hockey
Golf
Tennis
Cricket
Rugby
Auto Racing
Olympics
World Cup
Random Quiz
Search Sporcle
×
Quiz Lab
Quiz Lab
Sports
NCAA
Type in answers that appear in a list
Type in answers that appear in a list
Classic
Best Score? Go Orange.
College Basketball Invitational Teams since 2008 Stats
Can you name the teams who have played in the College Basketball Invitational since its inception in 2008?
By
stingem3929
10m
64 Questions
55 Plays
55 Plays
55 Plays
Comments
Comments
Give Quiz Kudos
Give Quiz Kudos
-
- Ratings
hide this ad
Replay
Link that replays current quiz
Next Quiz
Link to next quiz in quiz playlist
You Got
0%
They Got
Avg Score
58%
Avg Friend Score
Upgrade to see
Score Distribution
Jump to the score distribution portion of the page
Score
0/64
Timer
10:00
0
Plays Today
Year
Team
% Correct
2011
Oregon
85.5%
2010
Boston University
81.8%
2010
Princeton
81.8%
2010
Oregon State
80%
2009
Oregon State
80%
2008
Washington
80%
2011
Creighton
74.5%
2009
Stanford
70.9%
2010
Virginia Commonwealth
69.1%
2008
Utah
69.1%
2009
Boise State
67.3%
2009
Saint John's
67.3%
2011
Boise State
67.3%
2010
George Washington
65.5%
2008
Brown
65.5%
2008
Virginia
65.5%
2010
Indiana State
63.6%
2009
Richmond
63.6%
2009
Vermont
63.6%
2008
Ohio
63.6%
2008
Richmond
63.6%
2008
Tulsa
63.6%
2009
Houston
61.8%
2008
Houston
61.8%
2008
Miami (Ohio)
61.8%
2011
Miami (Ohio)
61.8%
2011
Montana
61.8%
2011
Rhode Island
61.8%
2010
Akron
60%
2009
Nevada
60%
2008
Bradley
60%
2008
Cincinnati
60%
Year
Team
% Correct
2008
Nevada
60%
2009
UTEP
58.2%
2008
UTEP
58.2%
2011
Davidson
58.2%
2010
Green Bay
56.4%
2010
Saint Louis
56.4%
2009
Green Bay
56.4%
2009
Wyoming
56.4%
2011
San Jose State
56.4%
2009
Wichita State
54.5%
2008
Old Dominion
54.5%
2011
Saint Bonaventure
54.5%
2010
Colorado State
52.7%
2011
Evansville
52.7%
2010
Duquesne
50.9%
2011
UCF
50.9%
2011
Duquesne
50.9%
2011
Weber State
49.1%
2008
Rider
47.3%
2008
Valparaiso
47.3%
2010
Morehead State
43.6%
2009
Buffalo
43.6%
2011
Austin Peay
43.6%
2010
IUPUI
41.8%
2009
Troy
41.8%
2010
Hofstra
40%
2011
Hofstra
40%
2011
James Madison
38.2%
2009
Northeastern
36.4%
2010
Eastern Kentucky
34.5%
2010
Charleston
32.7%
2009
Charleston
32.7%
Quiz Playlist
Details
Report
Send in Message
Add To Playlist
Classic:
Type in answers that appear in a list
Quiz Source
Last Updated: Feb 16, 2017
Quiz Scoreboard
CHALLENGE
Sign Up to Join the Scoreboard
Show All
Scores
Hide
Comments
May contain spoilers
Recently Published
1-10 Letter E Words III
by El_Dandy
Language
2m
Street Fighter Characters
by Artimus82
Gaming
60s
College Basketball Coaching Resumes
by pancakes188
Sports
9m
More to Explore
Quiz From the Vault
Featured Blog Post
Where Did the Easter Bunny Come From?
hide this ad
You Might Also Like...
Tags
College Quiz
NCAA Quiz
Invitational
NCAA Basketball
NCAA Tournament
Tournament
Tournament Bids
Today's Top Quizzes in Sports
Browse Sports
hide this ad
Today's Top Quizzes in NCAA
Browse NCAA
Top Contributed Quizzes in Sports
1
2022 World Cup Stars
2
Les meilleurs buteurs des matchs entre le PSG et l’OM
3
FIFA Club World Cup Champions
4
Les entraîneurs de l'OM et du PSG au 21e siècle
5
Criteria MLB: Left Handed Sluggers
6
2023 MLB Unique Player Accomplishments
7
AFC Teams Reveal (Wrong Answers Minefield)
8
Players with Multiple 50 Home Run Seasons
9
5-to-1: FBS Animal Nicknames
10
5-to-1: UK Sports Teams
Explore More
Trending Topics
Kpop
Marvel
Anime
Harry Potter
Disney
NBA
Crossword
Soccer
NFL
Country
WWE
Puzzle
The Office
Pokémon
Song
hide this ad
More By:
stingem3929
Quiz
Plays
Rating
Category
Featured
Created
MLB Opening Day Starters (2014)
5,016
4.62
Sports
Mar 21, 2014
2014 Sweet 16 Coaches (Matching)
4,594
4.55
Sports
Mar 26, 2014
US States by Percent Water
862
4.19
Geography
Jan 10, 2011
American Populous Cities A-Z
426
3.43
Geography
Jul 20, 2010
NCAA Teams With More Than 1 Tournament Appearance
305
5.00
Sports
Mar 18, 2013
Go to Creator's Profile
Score Distribution
Quiz Creator Spotlight
stingem3929
Follow
Send a Message
Quizzes Created
-
Created Quiz Play Count
-
More By This Creator
Popular Quizzes Today
1
Find the US States - No Outlines Minefield
2
Find the Countries of Europe - No Outlines Minefield
3
The Countries of the World
4
Find the US States
5
Risky Map Clicking: Biggest States A-Z
6
US States
7
Popular People in 1961
8
Movies - When Are They Set?
More Sports Quizzes
Nickname Match: Athletes VII
Quiz Lab
Trending Quizzes
Risky Map Clicking: Least Populous States A-Z
Billboard Blitz: Aretha Franklin
1-10 Letter G Words
Countries of the World: 200 Million BC
1-10 Letter F Words
Recently Updated
Leaping Animals
pecheneg
Reality TV Shows (A-Z)
bhenderson79
Rickey Henderson's Hall of Fame Teammates
pecheneg
Champions League XIs: Arsenal
pecheneg
Quick Pick: Celebrities in WWE's Hall of Fame
aduchscher
A-Z Keypad Blitz II
pecheneg
Multiple Oscar Actors
pecheneg
Mystery Phrase Blitz: Oscar 'Best Actors'
pecheneg
F. Scott Fitzgerald Novels
LTH
Pick 3 Villains
ddd62291
Trending Topics
Crossword
NBA
Kpop
Marvel
Anime
Disney
Harry Potter
Soccer
Song
NFL
Country
The Office
Pokémon
Puzzle
WWE
Your Account Isn't Verified!
In order to create a playlist on Sporcle, you need to verify the email address you used during registration. Go to your
Sporcle Settings
to finish the process.
Report this User
Report this user for behavior that violates our
Community Guidelines
.
Details:
Send Report
Go to the Sporcle.com Mobile Site →
Comments